Analysis and design of steel and composite structures (Record no. 39550)

000 -LEADER
fixed length control field 00548nam a22002058i 4500
001 - CONTROL NUMBER
control field 39550
003 - CONTROL NUMBER IDENTIFIER
control field BD-DhUET
008 - FIXED-LENGTH DATA ELEMENTS--GENERAL INFORMATION
fixed length control field 140703s2014 flu b 001 0 eng
020 ## - INTERNATIONAL STANDARD BOOK NUMBER
International Standard Book Number 9780415532204
040 ## - CATALOGING SOURCE
Original cataloging agency DLC
Language of cataloging eng
Transcribing agency DLC
Modifying agency BD-DhUET
082 ## - DEWEY DECIMAL CLASSIFICATION NUMBER
Classification number 624.1821
Item number LIA/2015
100 ## - MAIN ENTRY--PERSONAL NAME
Personal name Liang, Qing Quan
245 10 - TITLE STATEMENT
Title Analysis and design of steel and composite structures
250 ## - EDITION STATEMENT
Edition statement 1st ed.
260 ## - PUBLICATION, DISTRIBUTION, ETC. (IMPRINT)
Place of publication, distribution, etc. London
Name of publisher, distributor, etc. CRC Press
Date of publication, distribution, etc. 2015
300 ## - PHYSICAL DESCRIPTION
Extent xv ,438 p.
504 ## - BIBLIOGRAPHY, ETC. NOTE
Bibliography, etc Includes bibliographies
650 #0 - SUBJECT ADDED ENTRY--TOPICAL TERM
Topical term or geographic name as entry element Building, Iron and steel
942 ## - ADDED ENTRY ELEMENTS (KOHA)
Koha item type General Book
Holdings
Sublocation or collection (holding branch) Koha full call number Koha item type Not for loan Copy number Koha date last seen Lost status Price effective from Date acquired Damaged status Source of classification or shelving scheme Shelving location Piece designation (barcode) Withdrawn status Location (home branch) Koha normalized classification for sorting
Central Library, BUET624.1821/LIA/2015General Book 12016-10-24 2016-10-242016-10-24  Reading section114891 Central Library, BUET624_182100000000000_LIA_2015
Central Library, BUET624.1821/LIA/2015General Book 22018-09-05 2018-09-052018-06-27  Circulation section116585 Central Library, BUET624_182100000000000_LIA_2015
Central Library, BUET624.1821/LIA/2015General Book 32018-09-05 2018-09-052018-06-27  Circulation section116586 Central Library, BUET624_182100000000000_LIA_2015